书目信息 |
| 题名: |
保教知识与能力
|
|
| 作者: | ;教师资格考试命题研究中心 组编 | |
| 分册: | 幼儿园 | |
| 出版信息: | 北京 北京师范大学出版社 2015.03 |
|
| 页数: | 329页 | |
| 开本: | 28cm | |
| 丛书名: | ||
| 单 册: | ||
| 中图分类: | G451.1 , G615 | |
| 科图分类: | ||
| 主题词: | 教师--资格考试--教材 , 幼教人员--资格考试--教材 | |
| 电子资源: | ||
| ISBN: | 978-7-303-18603-7 | |
| 000 | 00991nam0 2200277 450 | |
| 001 | 0120151569635 | |
| 005 | 20160516171634.12 | |
| 010 | @a978-7-303-18603-7@dCNY45.00 | |
| 100 | @a20150630d2015 em y0chiy50 ea | |
| 101 | 0 | @achi |
| 102 | @aCN@b110000 | |
| 105 | @aa z 000yy | |
| 106 | @ar | |
| 200 | 1 | @a保教知识与能力@9bao jiao zhi shi yu neng li@i幼儿园@f教师资格考试命题研究中心组编 |
| 210 | @a北京@c北京师范大学出版社@d2015.03 | |
| 215 | @a329页@c图@d28cm | |
| 300 | @a教师资格证国家统一考试专用指导教材 | |
| 330 | @a本书共分为七章,主要内容包括:学前儿童发展、学前教育原理、生活指导、游戏活动的指导、教育活动的组织与实施、教育评价。 | |
| 333 | @a参加教师资格证国家统一考试人员 | |
| 606 | 0 | @a教师@x资格考试@j教材 |
| 606 | 0 | @a幼教人员@x资格考试@j教材 |
| 690 | @aG451.1@v5 | |
| 690 | @aG615@v5 | |
| 711 | 02 | @a教师资格考试命题研究中心@9jiao shi zi ge kao shi ming ti yan jiu zhong xin@4组编 |
| 801 | 0 | @aCN@b人天书店@c20150630 |
| 905 | @b877108-13@dG451.1@e152@f6 | |
| 保教知识与能力.幼儿园/教师资格考试命题研究中心组编.-北京:北京师范大学出版社,2015.03 |
| 329页:图;28cm |
| 教师资格证国家统一考试专用指导教材.-使用对象:参加教师资格证国家统一考试人员 |
| ISBN 978-7-303-18603-7:CNY45.00 |
| 本书共分为七章,主要内容包括:学前儿童发展、学前教育原理、生活指导、游戏活动的指导、教育活动的组织与实施、教育评价。 |
| ● |
| 相关链接 |
|
|
|
|
正题名:保教知识与能力
索取号:G451.1/152
 
预约/预借
| 序号 | 登录号 | 条形码 | 馆藏地/架位号 | 状态 | 备注 |
| 1 | 877108 | 208771088 | 第一样本阅览室/ [索取号:G451.1/152] | 在馆 | |
| 2 | 877109 | 208771097 | 教育系资料室/ [索取号:G451.1/152] | 在馆 | |
| 3 | 877110 | 208771104 | 教育系资料室/ [索取号:G451.1/152] | 在馆 | |
| 4 | 877111 | 208771113 | 教育系资料室/ [索取号:G451.1/152] | 在馆 | |
| 5 | 877112 | 208771122 | 第四借阅区/ [索取号:G451.1/152] | 在馆 | |
| 6 | 877113 | 208771131 | 第四借阅区/ [索取号:G451.1/152] | 在馆 |